| 000 | 00608nam a2200229Ia 4500 | ||
|---|---|---|---|
| 001 | dia_6898 | ||
| 003 | CHAP | ||
| 008 | 220117s2014 xx 000 0 und d | ||
| 010 | _a178953 | ||
| 040 | _cCHAP | ||
| 090 | _aF 283 2014 | ||
| 110 |
_aAlfa Editores Técnicos _9162867 |
||
| 245 | _aAnuario estadístico de la Industria Alimentaria Mexicana 2013-14 | ||
| 260 |
_aMéxico : _b Alfa Editores Técnicos, _c2014 |
||
| 300 | _a160 p. | ||
| 901 | _aF 283 2014 | ||
| 902 | _aM | ||
| 905 | _a0000002014 MX adim0000000000SPA00 | ||
| 942 | _c12 | ||
| 942 | _c12 | ||
| 999 |
_c178953 _d178953 |
||